<?xml version="1.0" encoding="UTF-8"?>
<record
    xmlns:xsi="http://www.w3.org/2001/XMLSchema-instance"
    xsi:schemaLocation="http://www.loc.gov/MARC21/slim http://www.loc.gov/standards/marcxml/schema/MARC21slim.xsd"
    xmlns="http://www.loc.gov/MARC21/slim">

  <leader>03571cam a2200481M  4500</leader>
  <datafield tag="999" ind1=" " ind2=" ">
    <subfield code="c">27529</subfield>
    <subfield code="d">27529</subfield>
  </datafield>
  <controlfield tag="001">9781003279938</controlfield>
  <controlfield tag="003">FlBoTFG</controlfield>
  <controlfield tag="005">20240802130408.0</controlfield>
  <controlfield tag="006">m     o  d</controlfield>
  <controlfield tag="007">cr |n|||||||||</controlfield>
  <controlfield tag="008">230120s2023    xx      o     0|| 0 eng d</controlfield>
  <datafield tag="020" ind1=" " ind2=" ">
    <subfield code="a">9781000820164</subfield>
    <subfield code="q">(electronic bk.)</subfield>
  </datafield>
  <datafield tag="020" ind1=" " ind2=" ">
    <subfield code="a">1000820165</subfield>
    <subfield code="q">(electronic bk.)</subfield>
  </datafield>
  <datafield tag="020" ind1=" " ind2=" ">
    <subfield code="a">9781003279938</subfield>
    <subfield code="q">(electronic bk.)</subfield>
  </datafield>
  <datafield tag="020" ind1=" " ind2=" ">
    <subfield code="a">1003279937</subfield>
    <subfield code="q">(electronic bk.)</subfield>
  </datafield>
  <datafield tag="020" ind1=" " ind2=" ">
    <subfield code="a">9781000820171</subfield>
    <subfield code="q">(electronic bk. : EPUB)</subfield>
  </datafield>
  <datafield tag="020" ind1=" " ind2=" ">
    <subfield code="a">1000820173</subfield>
    <subfield code="q">(electronic bk. : EPUB)</subfield>
  </datafield>
  <datafield tag="020" ind1=" " ind2=" ">
    <subfield code="z">103224738X</subfield>
  </datafield>
  <datafield tag="020" ind1=" " ind2=" ">
    <subfield code="z">9781032247380</subfield>
  </datafield>
  <datafield tag="024" ind1="7" ind2=" ">
    <subfield code="a">10.4324/9781003279938</subfield>
    <subfield code="2">doi</subfield>
  </datafield>
  <datafield tag="035" ind1=" " ind2=" ">
    <subfield code="a">(OCoLC)1357502735</subfield>
  </datafield>
  <datafield tag="035" ind1=" " ind2=" ">
    <subfield code="a">(OCoLC-P)1357502735</subfield>
  </datafield>
  <datafield tag="040" ind1=" " ind2=" ">
    <subfield code="a">OCoLC-P</subfield>
    <subfield code="b">eng</subfield>
    <subfield code="c">OCoLC-P</subfield>
  </datafield>
  <datafield tag="050" ind1=" " ind2="4">
    <subfield code="a">K1227</subfield>
  </datafield>
  <datafield tag="072" ind1=" " ind2="7">
    <subfield code="a">LAW</subfield>
    <subfield code="x">066000</subfield>
    <subfield code="2">bisacsh</subfield>
  </datafield>
  <datafield tag="072" ind1=" " ind2="7">
    <subfield code="a">LAW</subfield>
    <subfield code="x">117000</subfield>
    <subfield code="2">bisacsh</subfield>
  </datafield>
  <datafield tag="072" ind1=" " ind2="7">
    <subfield code="a">TRA</subfield>
    <subfield code="x">006000</subfield>
    <subfield code="2">bisacsh</subfield>
  </datafield>
  <datafield tag="072" ind1=" " ind2="7">
    <subfield code="a">LBBK</subfield>
    <subfield code="2">bicssc</subfield>
  </datafield>
  <datafield tag="082" ind1="0" ind2="4">
    <subfield code="a">346.0862</subfield>
    <subfield code="2">23/eng/20230201</subfield>
  </datafield>
  <datafield tag="100" ind1="1" ind2=" ">
    <subfield code="a">Zhang, Pengfei</subfield>
    <subfield code="c">(Writer on maritime law),</subfield>
    <subfield code="e">author.</subfield>
  </datafield>
  <datafield tag="245" ind1="1" ind2="0">
    <subfield code="a">MERCHANT SHIPS' SEAWORTHINESS</subfield>
    <subfield code="h">[electronic resource] :</subfield>
    <subfield code="b">law and practice.</subfield>
  </datafield>
  <datafield tag="260" ind1=" " ind2=" ">
    <subfield code="a">[S.l.] :</subfield>
    <subfield code="b">ROUTLEDGE,</subfield>
    <subfield code="c">2023.</subfield>
  </datafield>
  <datafield tag="300" ind1=" " ind2=" ">
    <subfield code="a">1 online resource</subfield>
  </datafield>
  <datafield tag="520" ind1=" " ind2=" ">
    <subfield code="a">The seaworthiness of merchant ships plays a critical role in ensuring the safety of life and property and the prevention of marine pollution. It deals with the fitness and readiness of a ship and its fundamental ability to sail safely to its destination. The standards of seaworthiness extend to literally all aspects of a ship, including the human element, physical structure, documentation, cargo worthiness and so on. It is one of the most complicated concepts in the maritime regulatory regime, and it takes many forms. However, although one of the most important terms in maritime transportation and ship management, seaworthiness is not an absolute concept, but a relative one, dependent on the particular environment, context and facts, and the standards of seaworthiness have changed greatly with the introduction of new maritime regulations over the years. The existing literature on seaworthiness is found within a variety of dedicated articles or book chapters. This book summarizes all that information in one publication and provides an update on key books that are now more than a decade old. In addition, it also offers more detail on specific aspects that are rarely discussed on their own. The reader will gain an understanding of the constituent features which colour its application in sovereign jurisdictions, where each have their own, often conflicting, social or geopolitical priorities to meet. Each chapter relies heavily on case studies to illustrate how the laws which reflect private laws and national policy underpinning those priorities are applied in practice. This structure then enables an understanding of the problems in the carriage of goods by sea, with a view to offering options for solutions. The book is written to meet the needs of lawyers, maritime professionals and academics, to thoroughly explain the concept of seaworthiness and the relevant legal issues.</subfield>
  </datafield>
  <datafield tag="588" ind1=" " ind2=" ">
    <subfield code="a">OCLC-licensed vendor bibliographic record.</subfield>
  </datafield>
  <datafield tag="650" ind1=" " ind2="0">
    <subfield code="a">Seaworthiness, Warranty of.</subfield>
  </datafield>
  <datafield tag="650" ind1=" " ind2="7">
    <subfield code="a">LAW / Maritime</subfield>
    <subfield code="2">bisacsh</subfield>
  </datafield>
  <datafield tag="650" ind1=" " ind2="7">
    <subfield code="a">TRANSPORTATION / Ships &amp; Shipbuilding / General</subfield>
    <subfield code="2">bisacsh</subfield>
  </datafield>
  <datafield tag="700" ind1="1" ind2=" ">
    <subfield code="a">Zhan, Xiankai,</subfield>
    <subfield code="e">author.</subfield>
  </datafield>
  <datafield tag="856" ind1="4" ind2="0">
    <subfield code="3">Taylor &amp; Francis</subfield>
    <subfield code="u">https://www.taylorfrancis.com/books/9781003279938</subfield>
  </datafield>
  <datafield tag="856" ind1="4" ind2="2">
    <subfield code="3">OCLC metadata license agreement</subfield>
    <subfield code="u">http://www.oclc.org/content/dam/oclc/forms/terms/vbrl-201703.pdf</subfield>
  </datafield>
  <datafield tag="942" ind1=" " ind2=" ">
    <subfield code="2">ddc</subfield>
    <subfield code="c">EBK</subfield>
  </datafield>
</record>
